Statistics for Longest Baseball Droughts

Click here to take the quiz!

General Stats

  • This quiz has been taken 6,709 times
  • The average score is 4 of 5

Answer Stats

Years Drought Team % Correct
1071908 - 2016Chicago Cubs
99%
851918 - 2004Boston Red Sox
81%
711948 - presentCleveland Indians
80%
871917 - 2005Chicago White Sox
63%
77first win in 1980Philadelphia Phillies
31%

Score Distribution

Percentile by Number Answered

Percent of People with Each Score

Your Score History

You have not taken this quiz